Baitullah ke Nabilah antologi cerpen pemenang hadiah sastera berunsur islam v

Saved in:
Bibliographic Details
Main Author: lh
Format: Book
Published: Kuala Lumpur lbDBp lc1997
Tags: Add Tag
No Tags, Be the first to tag this record!
Call Number :Ac166. BAI 1997

MARC

LEADER 00000pam a2200000 4500
001 15604
003 MY-KLNDU
005 20241218060354.0
035 |a 0000007755 
039 9 |y 200910081636  |z VLOAD 
090 0 0 |a Ac166.  |b BAI 1997 
100 1 0 |a lh 
245 1 0 |a Baitullah ke Nabilah  |b antologi cerpen pemenang hadiah sastera berunsur islam v 
260 0 0 |a Kuala Lumpur lbDBp lc1997 
999 |a vtls000015376  |c 15604  |d 15604